| 000 | 010030000a22002410004500 | ||
|---|---|---|---|
| 020 | _a84-254-0950-0 | ||
| 041 | 0 | _aSPA | |
| 082 | 0 | 4 | _aG 121 B865e |
| 100 | 1 | _aBroekman, Jan M. | |
| 245 | 1 | 0 | _aEl estructuralismo / Jan M. Broekman ; Claudio Gancho, Traductor |
| 250 | _a2 | ||
| 260 | _aBarcelona, España : Herder | ||
| 300 | _a201 Pag | ||
| 440 | 0 | _aBiblioteca Herder : Filosofía | |
| 500 | _aTítulo original : Strukturalismus | ||
| 505 | 0 | 0 | _acircunstancias -- el estructuralismo parisiense -- "tel quel " y el formalismo -- hermenéutica y estructuralismo genético -- crítica literaria y lingüística -- antropología estructural y teoría del conocimiento -- esbozos filosóficos -- gramatología -- arqueología -- marxismo -- qué significa el filosofar estructuralista? -- series -- ordo |
| 650 | 1 | 4 | _aESTRUCTURALISMO (FILOSOFIA) |
| 001 | 1879 | ||
| 942 | _cBK | ||
| 999 |
_c33015 _d33015 |
||
| 336 |
_atexto _btxt _2rdacontent |
||
| 337 |
_2rdamedia _asin mediación _bn |
||
| 338 |
_2rdacarrier _avolumen _bnc |
||